Research methodology for researchers in commerce and management (Record no. 396893)

MARC details
000 -LEADER
fixed length control field 00572 a2200205 4500
005 - DATE & TIME
control field 20260407143314.0
008 - FIXED-LENGTH DATA ELEMENTS--GENERAL INFORMATION
fixed length control field 260407b |||||||| |||| 00| 0 eng d
020 ## - ISBN
International Standard Book Number 9789391670146
Price Rs. 3495.00
040 ## - CATALOGING SOURCE
Original cataloging agency VIVEKANANDA LIBRARY
082 ## - DDC NUMBER
Classification number 650.072
Book Number A41R
100 ## - MAIN ENTRY--PERSONAL NAME
Personal name Ari, Vijay Kumar
245 ## - TITLE STATEMENT
Title Research methodology for researchers in commerce and management
260 ## - PUBLICATION, DISTRIBUTION, ETC. (IMPRINT)
Name of publisher, distributor, etc Amiga Press
Date of publication, distribution, etc 2023
Place of publication, distribution, etc Delhi
300 ## - PHYSICAL DESCRIPTION
Pages xiv, 276
650 ## - Subject
Subject Management
650 ## - Subject
Subject Auxiliary Services
650 ## - Subject
Subject Research Methods- Management
700 ## - Added Entry Personal Name
Added Entry Personal Name Chahlia, Sita Ram
942 ## - ADDED ENTRY ELEMENTS (KOHA)
Koha item type Books
Holdings
Withdrawn status Lost status Source of classification or shelving scheme Damaged status Not for loan Location (home branch) Sublocation or collection (holding branch) Shelving location Date acquired Koha issues (times borrowed) Koha full call number Accession No. Koha date last seen Koha item type
    Dewey Decimal Classification     VIVEKANANDA LIBRARY VIVEKANANDA LIBRARY IMSAR Library 19/02/2026   650.072 A41R 420898 19/02/2026 Books
© Designed and Maintained by Vivekananda Library, MDU Rohtak